000 00669cam a22002413a 4500
001 24142
003 PGUSA
005 20140828083521.0
008 080103s2008||||xxu|||||s|||||000 1 eng d
040 _aPGUSA
_beng
042 _adc
050 4 _aPL
100 1 _aTenggu, Guxiang,
_d1880-1919
245 1 0 _a轟天雷
_h[electronic resource] /
_cGuxiang Tenggu
260 _bProject Gutenberg,
_c2008
506 _aPublic domain in the USA.
516 _aElectronic text
653 _aChinese fiction -- Qing dynasty, 1644-1912
740 0 _aHong Tian Lei
830 0 _aProject Gutenberg
_v24142
856 4 0 _uhttp://www.gutenberg.org/ebooks/24142
942 _cEB
999 _c253397
_d253397